Geography - J - Statistics

General Stats
  • This quiz has been taken 50 times
  • The average score is 9 of 15
Answer Stats
Hint Answer % Correct
Island nation where Usain Bolt is from. Jamaica
100%
The capital city of Indonesia. Jakarta
98%
The island on which the above answer lies. Java
91%
The capital city of Alaska. Juneau
91%
Island nation in Asia. Japan
85%
Peninsula in northern Europe. Jutland
85%
City on the Red Sea coast, in proximity to Madinah. Jeddah
61%
The capital of the above answer. Jerusalem
57%
The type of biome which spans much of the Democratic Republic of the Congo. Jungle
52%
Mexican city which borders Texas's El Paso. Juarez
50%
Mexican state whose largest city is Guadalajara. Jalisco
46%
Ancient kingdom in the Levant. Judea
37%
The capital of China's Shandong Province. Jinan
17%
Either a river in Pakistan or a city that lies on it. Jhelum
4%
Northern Indian city which was the capital of the Medieval Sharqi Sultanate. Jaunpur
2%
No matching quizzes found
Score Distribution
Percent of People with Each Score
Percentile by Number Answered
Your Score History
You have not taken this quiz